000 00969cam a2200229 4500
001 WB3702-20
008 000000n2001 000 0 eng u
035 _a(Sirsi) u110268
245 _aCountrywide invests in conveyancing
260 _c2001
490 _aEstates Gazette
_v(0101) 6 January 2001, 16(1)
520 _aCountrywide Property Lawyers plan to invest £3.25m over the next three years in a bid to take over 10% of the conveyancing market. The firm has employed IT consultancy Cap Gemini to introduce new technology to increase its number of conveyancing transactions, and is likely to present serious competition to other law firms.
590 _aWB
650 _aLAW FIRMS
650 _aCONVEYANCING MARKET
650 _aCONVEYANCING
650 _aCOUNTRYWIDE
650 _aMANAGEMENT-BUSINESS MANAGEMENT-INFORMATION MANAGEMENT
650 _aPROPERTY SERVICES
690 _aMANAGEMENT-BUSINESS MANAGEMENT-PROFESSIONAL PRACTICE
942 _n0
999 _c65758
_d65758